LEADER 01309nam a2200301 u 4500 001 000000055962 003 CaOOAMICUS 005 20070226120424.0 008 010326q19341938it u000 u ita u 035 $a10870098 040 $aPUL(R)$bita 245 00$aViaggi di studio promossi dalla Fondazione Volta. 260 $aRoma :$bReale Accademia d'Italia,$c<1934-1938 >. 300 $av. <2-4 > ;$c26 cm 490 1 $aViaggi di studio ed esplorazioni ;$v1 650 4$aChimica.$0(OLS)http://pul/subject/22633 650 4$aFisica.$0(OLS)http://pul/subject/21828 650 4$aGeologia.$0(OLS)http://pul/subject/21676 650 4$aPaleontologia.$0(OLS)http://pul/subject/19454 650 4$aAntropologia.$0(OLS)http://pul/subject/1028 650 4$aAstronomia.$0(OLS)http://pul/subject/4991 710 2 $aFondazione Alessandro Volta.$0(OLS)http://pul/name/6361 830 0$aViaggi di studio ed esplorazioni ;$v1.$0(OLS)http://pul/title/9159 850 $aPUL 852 $aPUL$W1$xSL Filosofia 1$y2$m94 A 13-15$j73496$nBK-PRI$b $qStampati$B73496$CPULBib$Z2$F73496 $H $81 941 1 $a8 996 $6245$aViaggi di studio promossi dalla Fondazione Volta$9(OLS)http://pul/title/74884 996 $6260$aRoma :$bReale Accademia d'Italia$9(OLS)http://pul/publisher/51191 LEADER 01416nam a2200337 a 4500 001 000000175342 003 CaOOAMICUS 005 20220719095445.0 008 220719s2021 it u000 u ita r 020 $a978-88-399-3433-8* 032 $aLibriCat 040 $aPUL$bita 084 $a200.1 100 1 $aLöser, Werner.$0(OLS)http://pul/name/9779 240 10$aBausteine für eine Theologie der Religionen.$0(OLS)http://pul/title/216762 245 10$aElementi per una teologia delle religioni :$bsguardi e passi oltre i confini / $cWerner Löser. 260 $aBrescia :$bQueriniana,$c©2021. 300 $a255 p. ;$c20 cm 490 1 $aGiornale di teologia ;$v433 500 $aTraduzione dal tedesco di Gianni Poletti. 700 1 $aPoletti, Gianni.$0(OLS)http://pul/name/26261 830 0$aGiornale di teologia ;$v433.$0(OLS)http://pul/title/9027 850 $aPUL 852 $aPUL$W1$xSL Religione 3$y85$m200 GDT 1.433$j199545$qDDC 21$B204266$CPULBib$Z2$F204266 $H135711 $82 941 1 $a9 983 0$aGdT. 996 $6020$a978-88-399-3433-8*$9(OLS)http://pul/number/168736 996 $6084$a200.1$9(OLS)http://pul/classification/3340 996 $6245$aElementi per una teologia delle religioni :$bsguardi e passi oltre i confini / $9(OLS)http://pul/title/216763 996 $6260$aBrescia :$bQueriniana$9(OLS)http://pul/publisher/47906